| 000 | 00456nam a22001457a 4500 | ||
|---|---|---|---|
| 020 | _a9780821221945 | ||
| 040 | _cNUST | ||
| 082 | _a747.5 CLI | ||
| 100 |
_aClifton-Mogg, Caroline _988788 |
||
| 110 |
_aPaine, Melanie _988408 |
||
| 245 |
_aThe Curtain Book : _bA Sourcebook For Distinctive Curtains, Drapes, and Shades For Your Home |
||
| 260 |
_aBoston: _bBulfinch Press _c1988. |
||
| 650 |
_aDraperies in interior decoration. _988791 |
||
| 942 |
_2ddc _cBK |
||
| 999 |
_c587618 _d587618 |
||